00861 2200301 4500001002100000005001500021035002000036007000300056040001200059100002700071245007000098250001000168041000800178090002500186264004700211336002100258337003000279338002300309650001300332850001000345008004100355020002200396300003500418500003200453504003000485990002200515990002200537INLIS00000000000899120260513113853 a0010-1022000366ta aSBPUPAD0 aNur Sahid ;ePengarang1 aSemiotika Untuk Teater, Tari, Wayang Purma Dan Film /cNur Sahid; acet.1 aInd a899.221 ALM s 24-17 aYogyakarta :bGigih Pustaka Mandiri,c2016 2rdacontentateks 2rdamediaatanpa perantara 2rdacarrieravolume 4akesenian aPUPAD260513 0  a978-602-1220-09-2 ax 236 hlm :bilus. ;c14x21 cm aProfile Penulis,235-236 hlm abibiliografi, 221-224 hlm a28.673/B/DPK/2018 a28.674/B/DPK/2018